|
|
|
|
| LEADER |
00000naa2a2200000 4500 |
| 001 |
500534 |
| 005 |
20231101101927.0 |
| 035 |
|
|
|a (RuTPU)RU\TPU\prd\170576
|
| 035 |
|
|
|a RU\TPU\tpu\13164
|
| 090 |
|
|
|a 500534
|
| 100 |
|
|
|a 20130313a1987 k y0rusy50 ca
|
| 101 |
0 |
|
|a rus
|
| 102 |
|
|
|a RU
|
| 200 |
1 |
|
|a О пространстве проективной связности и его подпространствах
|f Е. Т. Ивлев, А. М. Сухотин
|
| 461 |
|
0 |
|0 (RuTPU)RU\TPU\prd\1498
|x 0021-3446
|t Известия вузов. Математика
|o научно-теоретический журнал
|f Казанский государственный университет (КГУ)
|d 1958-
|
| 463 |
|
0 |
|0 (RuTPU)RU\TPU\prd\170575
|t № 2
|v С. 75-78
|d 1987
|
| 610 |
1 |
|
|a пространство
|
| 610 |
1 |
|
|a проективная связность
|
| 610 |
1 |
|
|a подпространства
|
| 610 |
1 |
|
|a труды учёных ТПУ
|
| 700 |
|
1 |
|a Ивлев
|b Е. Т.
|c российский математик
|c профессор кафедры высшей математики Томского политехнического института
|f 1935-
|g Евгений Тихонович
|2 stltpush
|3 (RuTPU)RU\TPU\pers\19793
|
| 701 |
|
1 |
|a Сухотин
|b А. М.
|c математик
|c доцент Томского политехнического университета, кандидат физико-математических наук
|f 1940-
|g Александр Михайлович
|2 stltpush
|3 (RuTPU)RU\TPU\pers\30601
|
| 801 |
|
1 |
|a RU
|b 63413507
|c 20061002
|g PSBO
|
| 801 |
|
2 |
|a RU
|b 63413507
|c 20190528
|g RCR
|
| 942 |
|
|
|c BK
|